000 00520nam a2200181Ia 4500
005 20250508155510.0
008 008 250505s9999 xx 000 0 eng d
037 _aTextual
040 _aFEDL
_beng
_cFEDL
041 _aeng
_2eng
084 _a572.03, KRO
_qFEDL
100 _aKroeber A L
245 0 _aAnthropology today: An encyclopedic inventory
260 _aChicago, USA
_bThe University of Chicago Press
_c1953
300 _axv,958p
942 _cTEXL
_h572.03, KRO
999 _c1357309
_d1357309